000 00347nam a2200133Ia 4500
008 240624s9999 xx 000 0 und d
041 _aeng
082 _a418 RAV
100 _aRAVAL PIYUSH
245 _aTRANSLATION STUDIES CONTEMPORARY PERSPEC
260 _c2012
_aNew Delhi
_bViva Books
300 _avi, : 238 : p. : cm. ; 23
365 _cRS
_b32
999 _c19679
_d19679